000 00282nam a22001337a 4500
003 SGT
020 _a9788119559312
082 _a375.001,AYY
100 _aAYYAPPAN
245 _aCURRICULUM DEVELOPMENT
260 _aJAIPUR
_bPOINTER PUB.
_c2024
300 _a206
942 _2ddc
_cBK
999 _c33486
_d33486